000 00413nam a2200157Ia 4500
008 240729s9999 xx 000 0 und d
022 _a2813-3595
245 0 _aFrontiers in Horticulture
260 _aSwitzerland
260 _bFrontiers Media S.A.
650 _a Plant culture
650 _aAgriculture
856 _uhttps://doaj.org/toc/3c06a3c7d4714bb3ab2c71f43dd82cbf
942 _2ddc
942 _cDOAJEJ
999 _c75037
_d75037
945 _a1
_bMadushi Gamage
_c1
_dMadushi Gamage